Catalog

Record Details

Catalog Search



Holocaust : ztracená slova  Cover Image Book Book

Holocaust : ztracená slova / Judith Sandeen Bartel ; [překlad Kateřina Chejnová]

Record details

  • ISBN: 80-86986-05-5
  • Physical Description: 48 s. : il. (některé barev.), mapy, portréty, faksim. ; 28 cm
  • Publisher: [Pardubice] : Mayday, c2006

Content descriptions

General Note:
Obsahuje rejstřík
Přeloženo z angličtiny?
Obálkový podnázev: nejtemnější hodina lidstva
Terminologický slovník
Subject: holocaust (1939-1945)
Židé > perzekuce > 1939-1945
holocaust, 1939-1945
Jews > persecutions > 1939-1945
Genre: populárně-naučné publikace
obrazové publikace
popular works
pictorial works

Available copies

  • 1 of 1 copy available at Common Catalog SPOK.

Holds

  • 0 current holds with 1 total copy.
Show Only Available Copies
Location Call Number / Copy Notes Barcode Shelving Location Status Due Date
The Jewish community of Prague J 1401 4638303212 J - Judaika Available -

Electronic resources

Version of Resource: Digitalizovaný dokument


LDR 01744nam a2200481 a 4500
00155029
003CZ-PrJAB
00520070306163646.0
007ta
008060601s2006 xr abche f 001 0 cze
015 . ‡acnb001657732
020 . ‡a80-86986-05-5 ‡q(brož.) : ‡cKč 179,00
035 . ‡a(CZ PrNK)nkc20061657732
035 . ‡a(OCoLC)85723452
040 . ‡aABA001 ‡bcze ‡dBOA001
0411 . ‡acze ‡heng
045 . ‡ax3x4
072 7. ‡a94(4) ‡xDějiny Evropy ‡2Konspekt ‡98
080 . ‡a323.12"1939/1945" ‡2MRF
080 . ‡a94(=411.16) ‡2MRF
080 . ‡a323.28 ‡2MRF
080 . ‡a(0.062) ‡2MRF
080 . ‡a(084.11) ‡2MRF
1001 . ‡aBartel, Judith Sandeen ‡7pna2006338141 ‡4aut
24510. ‡aHolocaust : ‡bztracená slova / ‡cJudith Sandeen Bartel ; [překlad Kateřina Chejnová]
260 . ‡a[Pardubice] : ‡bMayday, ‡cc2006
300 . ‡a48 s. : ‡bil. (některé barev.), mapy, portréty, faksim. ; ‡c28 cm
500 . ‡aObsahuje rejstřík
500 . ‡aPřeloženo z angličtiny?
500 . ‡aObálkový podnázev: nejtemnější hodina lidstva
500 . ‡aTerminologický slovník
648 7. ‡a1939-1945 ‡7ch460653 ‡2czenas
65007. ‡aholocaust (1939-1945) ‡7ph117203 ‡2czenas
65007. ‡aŽidé ‡7ph127782 ‡xperzekuce ‡y1939-1945 ‡2czenas
65009. ‡aholocaust, 1939-1945 ‡2eczenas
65009. ‡aJews ‡xpersecutions ‡y1939-1945 ‡2eczenas
655 7. ‡apopulárně-naučné publikace ‡7fd131864 ‡2czenas
655 7. ‡aobrazové publikace ‡7fd132947 ‡2czenas
655 9. ‡apopular works ‡2eczenas
655 9. ‡apictorial works ‡2eczenas
85641. ‡uhttp://krameriusndk.nkp.cz/search/handle/uuid:21153cf0-5bf3-11e7-8ee1-005056827e51 ‡yDigitalizovaný dokument
910 . ‡aABE461
995 . ‡aska
901 . ‡a55029 ‡bAUTOGEN ‡c55029 ‡tbiblio

Additional Resources